LEADER 03156nam 22006614a 450 001 9910780204103321 005 20230607214339.0 010 $a1-280-82977-X 010 $a9786610829774 010 $a0-85199-759-7 035 $a(CKB)111087028074700 035 $a(EBL)294754 035 $a(OCoLC)437181662 035 $a(SSID)ssj0000260464 035 $a(PQKBManifestationID)11212403 035 $a(PQKBTitleCode)TC0000260464 035 $a(PQKBWorkID)10224584 035 $a(PQKB)10164828 035 $a(MiAaPQ)EBC294754 035 $a(Au-PeEL)EBL294754 035 $a(CaPaEBR)ebr10060456 035 $a(CaONFJC)MIL82977 035 $a(EXLCZ)99111087028074700 100 $a20020117d2002 uy 0 101 0 $aeng 135 $aur|n|---||||| 181 $ctxt 182 $cc 183 $acr 200 10$aTourism in national parks and protected areas$b[electronic resource] $eplanning and management /$fPaul F.J. Eagles and Stephen F. McCool ; with contributions by Elizabeth A. Halpenny and R. Neil Moisey 210 $aNew York $cCABI Pub.$dc2002 215 $a1 online resource (332 p.) 300 $aDescription based upon print version of record. 311 $a0-85199-589-6 320 $aIncludes bibliographical references and index. 327 $aCONTENTS; CONTRIBUTORS; ABOUT THE AUTHORS; PREFACE; CHAPTER 1 The Ecological and Cultural Goals of National Parks and Protected Areas; CHAPTER 2 Park Tourism in the World; CHAPTER 3 Social Roles of Park-based Tourism; CHAPTER 4 Planning for Tourism in National Parks and Protected Areas: Principles and Concepts; CHAPTER 5 Management of Visitors in National Parks and Protected Areas; CHAPTER 6 The Manager's Toolbox; CHAPTER 7 Monitoring of Tourism in National Parks and Protected Areas; CHAPTER 8 Tourism Services and Infrastructure; CHAPTER 9 Tourism, Protected Areas and Local Communities 327 $aCHAPTER 10 Tourism in Marine Protected AreasCHAPTER 11 The Economics of Tourism in National Parks and Protected Areas; CHAPTER 12 Park Tourism: Marketing and Finance; CHAPTER 13 Park Tourism Policy; CHAPTER 14 The Future of Park-based Tourism; INDEX 330 $aThis book describes the state-of-the-art of tourism planning and management in national parks and protected areas. It also provides guidelines for best practice in tourism operations. 606 $aNational parks and reserves$xPublic use 606 $aProtected areas$xPublic use 606 $aNational parks and reserves$xManagement 606 $aProtected areas$xManagement 606 $aTourism$xManagement 615 0$aNational parks and reserves$xPublic use. 615 0$aProtected areas$xPublic use. 615 0$aNational parks and reserves$xManagement. 615 0$aProtected areas$xManagement. 615 0$aTourism$xManagement. 676 $a333.78/3 700 $aEagles$b Paul F. J.$f1949-$0899709 701 $aMcCool$b Stephen F$0863924 801 0$bMiAaPQ 801 1$bMiAaPQ 801 2$bMiAaPQ 906 $aBOOK 912 $a9910780204103321 996 $aTourism in national parks and protected areas$93802467 997 $aUNINA LEADER 05994nam 2200445 450 001 9910830996103321 005 20240202230641.0 010 $a1-394-23669-7 010 $a1-394-23667-0 035 $a(MiAaPQ)EBC30739510 035 $a(Au-PeEL)EBL30739510 035 $a(EXLCZ)9928204514400041 100 $a20230921d2023 uy 0 101 0 $aeng 135 $aurcnu|||||||| 181 $ctxt$2rdacontent 182 $cc$2rdamedia 183 $acr$2rdacarrier 200 10$aReliability-Based Modeling of System Performance /$fAbdelkhalak El Hami and Mohamed Eid 205 $aFirst edition. 210 1$aLondon, England ; Hoboken, NJ :$cISTE Ltd :$cJohn Wiley & Sons, Inc.,$d[2023] 210 4$d©2023 215 $a1 online resource (227 pages) 311 08$aPrint version: El Hami, Abdelkhalak Reliability-Based Modeling of System Performance Newark : John Wiley & Sons, Incorporated,c2023 9781786308351 320 $aIncludes bibliographical references and index. 327 $aCover -- Title Page -- Copyright Page -- Contents -- Introduction -- Chapter 1. Basic Notions -- 1.1. Introduction -- 1.2. Logical notions -- 1.2.1. Axioms -- 1.2.2. Elementary laws -- 1.3. Probabilistic notions -- 1.3.1. Probability D(t) and probability density p(t) -- 1.3.2. Failure occurrence rate ?(t) -- 1.3.3. Independent random events -- 1.4. System functional description -- 1.5. Binary system and basic model -- 1.6. The availability of binary systems -- 1.7. The sojourn probabilities -- 1.7.1. Reliability model -- 1.7.2. Maintainability -- 1.8. Failure, repair and stochastic processes -- 1.8.1. Renewable stochastic processes -- 1.8.2. Conditionally renewable stochastic processes -- 1.9. Multistate system -- Chapter 2. Modeling of Multistate Systems -- 2.1. Systems with analytical representation -- 2.2. Critical transitions -- 2.3. Binarization of multistate systems -- 2.4. Failure-to-start probability -- 2.5. Forbidden transitions -- 2.6. Boolean models and state graphs equivalence -- 2.7. Systems with systemic structure representation -- 2.8. The Markov graph -- Chapter 3. Matrix-like System -- 3.1. Introduction -- 3.2. Modeling the functional state of the system -- 3.2.1. Modeling a line of elementary components -- 3.2.2. System functional space modeling -- 3.2.3. The subspaces of sets -- 3.2.4. Transitions between sets -- 3.2.5. Modeling of equivalent rates of transitions -- 3.2.6. Dynamic modeling of operating states -- 3.3. Homogeneous matrix-like system -- 3.4. Academic case -- 3.4.1. Case specifications -- 3.4.2. Determine system performance -- 3.4.3. Results -- 3.5. Conclusion -- Chapter 4. Modeling of Systems with Redundancy -- 4.1. Introduction -- 4.2. Combinatorial analysis of the n/N system -- 4.3. Determining the availability/unavailability -- 4.3.1. Analysis by the binary structure function. 327 $a4.3.2. Analysis by Boolean expressions -- 4.3.3. Example of analysis using Boolean expressions -- 4.4. The equivalent failure and repair rates -- 4.5. Homogeneous system -- 4.5.1. Characterization of the homogeneous system -- 4.6. Numerical application (1) -- 4.7. Numerical application (2) -- 4.7.1. Mission success criteria and system data -- 4.7.2. Functional modeling by state graph -- 4.7.3. System availability modeling -- 4.7.4. Modeling system unavailability -- 4.7.5. Modeling the equivalent failure rate of the system -- 4.7.6. The mean time before detection -- 4.7.7. Redundancy effectiveness assessment -- Chapter 5. System Reliability - Application -- 5.1. Description of the system -- 5.2. System missions -- 5.3. Basic data -- 5.4. System unavailability modeling -- 5.5. System unavailability assessment -- 5.6. System availability modeling -- 5.7. System availability assessment -- 5.8. Reliability modeling -- 5.9. System reliability assessment -- 5.10. Analysis of the relative importance of components -- 5.10.1. The predictive importance index -- 5.10.2. The operational importance index -- 5.11. Conclusion -- Chapter 6. Sequential Events - Modeling and Analysis -- 6.1. Introduction -- 6.2. Sequential analysis with variable time intervals -- 6.3. Sequential analysis with fixed time intervals -- 6.4. Conclusion -- Chapter 7. The Monte Carlo Simulation Method -- 7.1. Generation of random variables -- 7.2. Sampling -- 7.3. Analytical bijective sampling -- 7.4. Generic Monte Carlo simulation approach -- 7.5. Simulation of transitions in a multistate system -- 7.5.1. The transition simulation approach -- 7.5.2. Transitions simulation algorithm -- 7.5.3. Transition histogram simulation results -- 7.5.4. The number of sojourns by state -- 7.5.5. Sojourn time by state -- 7.5.6. The failure probability. 327 $a7.6. Simulation of the operation of a redundant system -- 7.6.1. System description -- 7.6.2. Operation histogram generation algorithm -- 7.6.3. Operation histogram -- 7.6.4. The mean time to fail -- 7.6.5. Algorithm for determining system reliability -- 7.6.6. System reliability estimation -- 7.7. Conclusion -- Chapter 8. Physical Tests used in Reliability -- 8.1. Introduction -- 8.2. Accelerated tests -- 8.2.1. The different acceleration laws -- 8.3. Simple mechanical fatigue, Wöhler model -- 8.3.1. Empirical laws of fatigue -- 8.4. Aggravated tests -- 8.4.1. The main aggravated tests -- 8.5. Bayesian tests -- 8.6. Fatigue damage analysis -- 8.6.1. Formulations and development -- 8.6.2. Fatigue damage -- 8.7. Methodology of improvement using physical tests -- 8.7.1. Optimization of the physical tests to be carried out -- 8.8. Conclusion -- Appendix: Common Reliability Modeling Laws -- References -- Index -- EULA. 606 $aMechanics 615 0$aMechanics. 676 $a780 700 $aEl Hami$b Abdelkhalak$0930844 702 $aEid$b Mohamed 801 0$bMiAaPQ 801 1$bMiAaPQ 801 2$bMiAaPQ 906 $aBOOK 912 $a9910830996103321 996 $aReliability-Based Modeling of System Performance$94111488 997 $aUNINA LEADER 02348oam 2200589zu 450 001 9910157853803321 005 20210731015542.0 010 $a0-19-179667-0 035 $a(CKB)2560000000358881 035 $a(SSID)ssj0001516284 035 $a(PQKBManifestationID)12627987 035 $a(PQKBTitleCode)TC0001516284 035 $a(PQKBWorkID)11494983 035 $a(PQKB)10294576 035 $a(StDuBDS)EDZ0001101106 035 $a(MiAaPQ)EBC4841959 035 $a(EXLCZ)992560000000358881 100 $a20160829d2015 uy 101 0 $aeng 135 $aur||||||||||| 181 $ctxt 182 $cc 183 $acr 200 10$aBy accident or design : writing the Victorian metropolis 205 $aFirst edition. 210 1$aOxford :$cOxford University Press,$d2015. 215 $a1 online resource $cillustrations (black and white) 300 $aBibliographic Level Mode of Issuance: Monograph 311 $a0-19-873233-3 320 $aIncludes bibliographical references and index. 330 8 $a'By Accident or Design: Writing the Victorian Metropolis' takes Henry James' observation of London in 1888 at his word, arguing that accident was both a powerful metaphor and material context through which the Victorians arrested the paradoxes of metropolitan modernity and reconfigured understandings of form and change. This book shows how the material conditions of urban accidents offer new and compelling modes of analysis for intellectual and literary history. 517 $aBy accident or design 606 $aAccidents$xHistory$y19th century$zGreat Britain 606 $aAccidents in literature$xPrevention$zGreat Britain 606 $aAccidents 606 $aSocial Welfare & Social Work$2HILCC 606 $aSocial Sciences$2HILCC 606 $aSocial Welfare & Social Work - General$2HILCC 615 0$aAccidents$xHistory 615 0$aAccidents in literature$xPrevention 615 0$aAccidents. 615 7$aSocial Welfare & Social Work 615 7$aSocial Sciences 615 7$aSocial Welfare & Social Work - General 676 $a363.10094109034 686 $a18.05$2bcl 700 $aFyfe$b Paul$0926830 801 0$bPQKB 906 $aBOOK 912 $a9910157853803321 996 $aBy accident or design : writing the Victorian metropolis$92883567 997 $aUNINA